000 00256nam a22001217a 4500
040 _cSK
082 _a519
100 _aENG LENG; អេង លេង
245 _aStatistique de lexploitation
260 _aRUA
_bENG
_c2000
300 _a82p.
942 _cKB
999 _c9520
_d9520